[Event "MCR_KT13"]
[Site "?"]
[Date "2005.??.??"]
[Round "?"]
[White "Latal, Frantisek"]
[Black "Vins, Karel"]
[Result "1-0"]
[WhiteElo "2071"]
[BlackElo "1621"]
[PlyCount "69"]
[EventDate "2005.??.??"]
[EventType "corr"]
[EventRounds "2"]
[SourceDate "2006.01.09"]

1. Nf3 d5 2. c4 dxc4 3. Na3 c5 4. e3 Nc6 5. Bxc4 e6 6. b3 Be7 7. Bb2 f6 8. Ng5
Nb4 9. O-O Nd5 10. Qh5+ g6 11. Qh3 e5 12. Ne6 Qd6 13. Bxd5 Qxd5 14. Nc7+ Kf7
15. Nxd5 Bxh3 16. gxh3 Nh6 17. f4 e4 18. Rac1 Rac8 19. Nxe7 Kxe7 20. Rc4 Rhd8
21. Rxe4+ Kf7 22. Ra4 Rxd2 23. Nc4 Rd7 24. Rxa7 Rc6 25. e4 Ke6 26. f5+ gxf5 27.
Bc1 Nf7 28. exf5+ Ke7 29. Re1+ Kf8 30. Bb2 Nd8 31. h4 Rg7+ 32. Kf2 Re7 33. Rxe7
Kxe7 34. Ra5 Kd7 35. Ba3 1-0

[Event "MCR_KT13"]
[Site "?"]
[Date "2005.??.??"]
[Round "?"]
[White "Mikolas, Jan"]
[Black "Ptacek, Jiri"]
[Result "1-0"]
[WhiteElo "2025"]
[BlackElo "1699"]
[PlyCount "61"]
[EventDate "2005.??.??"]
[EventType "corr"]
[EventRounds "2"]
[SourceDate "2006.01.09"]

1. e4 d6 2. d4 Nf6 3. Nc3 g6 4. f4 Bg7 5. Nf3 Bg4 6. h3 Bxf3 7. Qxf3 c6 8. Bd3
O-O 9. f5 Nbd7 10. Be3 Nb6 11. O-O-O Qc7 12. g4 a5 13. h4 Rfd8 14. fxg6 fxg6
15. Rdg1 Rf8 16. Qe2 Rf7 17. h5 gxh5 18. gxh5 Kf8 19. e5 dxe5 20. dxe5 Nfd5 21.
Bxh7 Qxe5 22. Rxg7 Qxg7 23. Bg6 Nxe3 24. Bxf7 Kxf7 25. Qxe3 Nd5 26. Nxd5 cxd5
27. Rf1+ Ke8 28. h6 Qh7 29. Qe6 Rd8 30. Rg1 Kf8 31. Rg7 1-0

[Event "MCR_KT13"]
[Site "?"]
[Date "2005.??.??"]
[Round "?"]
[White "Janovec, Vladimir"]
[Black "Vacek, Frantisek"]
[Result "0-1"]
[WhiteElo "1870"]
[BlackElo "1800"]
[PlyCount "48"]
[EventDate "2005.??.??"]
[EventType "corr"]
[EventRounds "2"]
[SourceDate "2006.01.09"]

1. e4 e5 2. Nf3 Nc6 3. Bb5 a6 4. Bxc6 dxc6 5. O-O Qd6 6. d3 Bg4 7. Nbd2 Qf6 8.
c3 O-O-O 9. Qc2 Bd6 10. a4 Ne7 11. b4 Ng6 12. b5 Nf4 13. g3 Ng6 14. Kg2 cxb5
15. axb5 axb5 16. Bb2 Kd7 17. Ra5 h5 18. Rxb5 h4 19. Ng1 b6 20. h3 Qe6 21. Ndf3
hxg3 22. hxg4 c6 23. Rxb6 Nf4+ 24. Kxg3 Qh6 0-1

[Event "MCR_KT13"]
[Site "?"]
[Date "2005.??.??"]
[Round "?"]
[White "Vins, Karel"]
[Black "Vacek, Frantisek"]
[Result "0-1"]
[WhiteElo "1621"]
[BlackElo "1800"]
[PlyCount "48"]
[EventDate "2005.??.??"]
[EventType "corr"]
[EventRounds "2"]
[SourceDate "2006.01.09"]

1. d4 d5 2. c4 e6 3. Nc3 Nf6 4. Bg5 h6 5. Bf4 dxc4 6. e3 Nd5 7. Bxc4 Nxf4 8.
exf4 Bd6 9. Nge2 O-O 10. O-O Nd7 11. Qc2 Nb6 12. Bd3 Nd5 13. Nxd5 exd5 14. Rfe1
c6 15. a4 Bb4 16. Red1 Re8 17. Ng3 a5 18. h3 Qf6 19. Ne2 Be6 20. Kh2 Re7 21. g4
Rae8 22. b3 Qh4 23. f3 Qf2+ 24. Kh1 Qxf3+ 0-1

[Event "MCR_KT13"]
[Site "?"]
[Date "2005.??.??"]
[Round "?"]
[White "Ptacek, Jiri"]
[Black "Janovec, Vladimir"]
[Result "1/2-1/2"]
[WhiteElo "1699"]
[BlackElo "1870"]
[PlyCount "57"]
[EventDate "2005.??.??"]
[EventType "corr"]
[EventRounds "2"]
[SourceDate "2006.01.09"]

1. d4 Nf6 2. Nf3 e6 3. g3 d5 4. Bg5 c5 5. Bxf6 Qxf6 6. c3 c4 7. Ne5 Bd6 8. Qa4+
Nd7 9. Nxd7 Bxd7 10. Qc2 e5 11. dxe5 Qxe5 12. Bg2 O-O 13. O-O Bf5 14. Qd1 Be4
15. Bxe4 Qxe4 16. Nd2 Qe6 17. e3 Rad8 18. Nf3 Rfe8 19. Nd4 Qg6 20. Qc2 Qxc2 21.
Nxc2 Kf8 22. Nd4 Be5 23. Rae1 Bf6 24. Kg2 Ke7 25. b3 Rc8 26. b4 a6 27. f4 Kf8
28. Kf3 Re4 29. Re2 1/2-1/2

[Event "MCR_KT13"]
[Site "?"]
[Date "2005.??.??"]
[Round "?"]
[White "Latal, Frantisek"]
[Black "Mikolas, Jan"]
[Result "0-1"]
[WhiteElo "2071"]
[BlackElo "2025"]
[PlyCount "86"]
[EventDate "2005.??.??"]
[EventType "corr"]
[EventRounds "2"]
[SourceDate "2006.01.09"]

1. e4 e6 2. d4 d5 3. Nc3 Bb4 4. Bd2 dxe4 5. Qg4 Nf6 6. Qxg7 Rg8 7. Qh6 Qxd4 8.
Nge2 Qe5 9. O-O-O Nbd7 10. Bf4 Qa5 11. Kb1 Rg6 12. Qh3 e5 13. Be3 c6 14. g3 Nf8
15. Qg2 Bg4 16. Nxe4 Nxe4 17. Qxe4 f5 18. Qc4 Bf3 19. a3 Bxa3 20. Rg1 Bb4 21.
Qb3 Bd5 22. Rxd5 cxd5 23. c3 Bd6 24. f4 O-O-O 25. Bh3 Kb8 26. fxe5 Bxe5 27. Rd1
d4 28. Nxd4 Rb6 29. Qc2 Ra6 30. Qxf5 Ne6 31. Bg2 Nxd4 32. Bxd4 Bxd4 33. Qxa5
Rxa5 34. cxd4 Rf5 35. Rd2 Rdf8 36. Be4 Rf1+ 37. Kc2 h6 38. Kd3 R8f2 39. h3
Rxd2+ 40. Kxd2 Rg1 41. g4 Rg3 42. b4 Rxh3 43. b5 Kc7 0-1

[Event "MCR_KT13"]
[Site "?"]
[Date "2005.??.??"]
[Round "?"]
[White "Mikolas, Jan"]
[Black "Vins, Karel"]
[Result "1-0"]
[WhiteElo "2025"]
[BlackElo "1621"]
[PlyCount "81"]
[EventDate "2005.??.??"]
[EventType "corr"]
[EventRounds "2"]
[SourceDate "2006.01.09"]

1. e4 e5 2. Nf3 Nc6 3. Bc4 Bc5 4. c3 Nf6 5. d4 exd4 6. cxd4 Bb4+ 7. Kf1 d5 8.
exd5 Nxd5 9. Nc3 Bxc3 10. bxc3 Bg4 11. Ba3 Qd7 12. Qe1+ Be6 13. Bb5 f6 14. c4
O-O-O 15. cxd5 Bxd5 16. Qc3 a6 17. Bxc6 Bxc6 18. Rd1 Qf7 19. Rd2 Bd5 20. Qb2
Rhe8 21. h4 Re6 22. Rh3 Rb6 23. Qa1 Re8 24. Rc2 Qg6 25. Qc1 c6 26. Rg3 Qf7 27.
Bc5 Rb5 28. a3 Be4 29. Rb2 Rxb2 30. Qxb2 g6 31. Nd2 Bd5 32. Qc3 b5 33. Re3 Rxe3
34. Qxe3 Qe6 35. Qxe6+ Bxe6 36. Ne4 f5 37. Nd6+ Kd7 38. Ke2 Bd5 39. g3 Ke6 40.
Ke3 Kf6 41. Ne8+ 1-0

[Event "MCR_KT13"]
[Site "?"]
[Date "2005.??.??"]
[Round "?"]
[White "Janovec, Vladimir"]
[Black "Latal, Frantisek"]
[Result "0-1"]
[WhiteElo "1870"]
[BlackElo "2071"]
[PlyCount "92"]
[EventDate "2005.??.??"]
[EventType "corr"]
[EventRounds "2"]
[SourceDate "2006.01.09"]

1. e4 e5 2. Nf3 Nc6 3. Bb5 Nf6 4. Nc3 Bb4 5. Bxc6 dxc6 6. O-O Bg4 7. d3 O-O 8.
a3 Bxc3 9. bxc3 Nd7 10. Rb1 b6 11. h3 Bh5 12. Re1 Qe7 13. Qe2 Rfd8 14. c4 Nc5
15. Qe3 a5 16. Bb2 f6 17. Nh4 Ne6 18. Nf5 Qd7 19. Bc3 c5 20. Ng3 Bg6 21. Bb2
Nd4 22. Rec1 Qd6 23. c3 Nb3 24. Rd1 Rd7 25. Qe2 a4 26. Qf3 Rad8 27. h4 Bf7 28.
Nf5 Qf8 29. Qe2 Qe8 30. f3 Be6 31. Ng3 c6 32. Nh1 Qh5 33. g3 f5 34. exf5 Qxf5
35. Nf2 Rf7 36. Kg2 Rdf8 37. Ng4 Qxf3+ 38. Qxf3 Rxf3 39. Nxe5 Rf2+ 40. Kg1 Bh3
41. Kh1 Rc2 42. Bc1 Rff2 43. Rb2 Rh2+ 44. Kg1 Nxc1 45. Rxc2 Rxc2 46. Rxc1 Rxc1+
0-1

[Event "MCR_KT13"]
[Site "?"]
[Date "2005.??.??"]
[Round "?"]
[White "Vacek, Frantisek"]
[Black "Ptacek, Jiri"]
[Result "1-0"]
[WhiteElo "1800"]
[BlackElo "1699"]
[PlyCount "57"]
[EventDate "2005.??.??"]
[EventType "corr"]
[EventRounds "2"]
[SourceDate "2006.01.09"]

1. d4 d5 2. c4 dxc4 3. Nf3 a6 4. e3 e6 5. a4 Bb4+ 6. Nc3 Nf6 7. Bxc4 O-O 8. O-O
Bxc3 9. bxc3 Nc6 10. Re1 h6 11. e4 Ne7 12. Ne5 Bd7 13. Qf3 b5 14. axb5 Bxb5 15.
Bxb5 axb5 16. Bxh6 Rxa1 17. Rxa1 gxh6 18. Qxf6 Ng6 19. Ng4 Qxf6 20. Nxf6+ Kg7
21. Nh5+ Kh7 22. Ra7 Rc8 23. Rb7 Ra8 24. g3 Ra1+ 25. Kg2 Nh8 26. Rxb5 c6 27.
Rb8 f5 28. Rb7+ Kg6 29. Nf4+ 1-0

[Event "MCR_KT13"]
[Site "?"]
[Date "2005.??.??"]
[Round "?"]
[White "Vins, Karel"]
[Black "Ptacek, Jiri"]
[Result "0-1"]
[WhiteElo "1621"]
[BlackElo "1699"]
[PlyCount "80"]
[EventDate "2005.??.??"]
[EventType "corr"]
[EventRounds "2"]
[SourceDate "2006.01.09"]

1. d4 d5 2. c4 dxc4 3. Nf3 a6 4. e3 Nf6 5. Bxc4 b5 6. Bd3 Bg4 7. h3 Bxf3 8.
Qxf3 Nbd7 9. Bd2 e6 10. Qe2 c5 11. dxc5 Bxc5 12. a3 O-O 13. O-O Ne5 14. Bc2 Ng6
15. Bc3 Be7 16. Nd2 Qc7 17. Nf3 Nd5 18. Qe1 Nxc3 19. Qxc3 Qxc3 20. bxc3 Rac8
21. Bxg6 hxg6 22. Rfc1 Bf6 23. Nd4 Bxd4 24. exd4 Rfe8 25. f4 Rc4 26. Ra2 Rec8
27. Rac2 a5 28. Kf2 b4 29. axb4 axb4 30. Ke2 b3 31. Rb2 Rxc3 32. Rxc3 Rxc3 33.
Kd2 Rg3 34. Ke1 Rd3 35. Rd2 Re3+ 36. Kd1 Re4 37. g3 Re3 38. Rg2 Rd3+ 39. Kc1
Rxd4 40. Kb2 Rd3 0-1

[Event "MCR_KT13"]
[Site "?"]
[Date "2005.??.??"]
[Round "?"]
[White "Latal, Frantisek"]
[Black "Vacek, Frantisek"]
[Result "1/2-1/2"]
[WhiteElo "2071"]
[BlackElo "1800"]
[PlyCount "66"]
[EventDate "2005.??.??"]
[EventType "corr"]
[EventRounds "2"]
[SourceDate "2006.01.09"]

1. Nf3 c5 2. e4 Nc6 3. d4 cxd4 4. Nxd4 Nf6 5. Nc3 e5 6. Ndb5 d6 7. Bg5 a6 8.
Bxf6 gxf6 9. Na3 Rg8 10. Qh5 Rg7 11. Bc4 Rb8 12. Bd5 Nd4 13. h3 f5 14. g3 b5
15. Ne2 Qg5 16. Qxg5 Nf3+ 17. Kf1 Nxg5 18. exf5 Bxf5 19. h4 Ne4 20. Rd1 Nf6 21.
Bc6+ Kd8 22. c3 Kc7 23. Bg2 d5 24. Kg1 Bxa3 25. bxa3 Rgg8 26. f3 h5 27. Kh2 Kd6
28. Rd2 Rgc8 29. Rhd1 Rc4 30. Re1 Rbc8 31. Rb2 Ra4 32. Rb3 Bd3 33. Bh3 Rc7
1/2-1/2

[Event "MCR_KT13"]
[Site "?"]
[Date "2005.??.??"]
[Round "?"]
[White "Mikolas, Jan"]
[Black "Janovec, Vladimir"]
[Result "1-0"]
[WhiteElo "2025"]
[BlackElo "1870"]
[PlyCount "57"]
[EventDate "2005.??.??"]
[EventType "corr"]
[EventRounds "2"]
[SourceDate "2006.01.09"]

1. e4 e6 2. d4 d5 3. Nc3 dxe4 4. Nxe4 Bd7 5. Nf3 Bc6 6. Bd3 Nd7 7. Qe2 Be7 8.
O-O Ngf6 9. c4 Nxe4 10. Bxe4 Bxe4 11. Qxe4 c6 12. b3 Nf6 13. Qc2 O-O 14. Bb2
Qc7 15. Rad1 Rfd8 16. Rfe1 a6 17. Ne5 c5 18. Rd3 cxd4 19. Bxd4 b5 20. Qe2 bxc4
21. Nxc4 Qf4 22. Red1 Ng4 23. g3 Qf5 24. h3 Nh6 25. g4 Qg5 26. Be3 Qh4 27. Qf3
Rf8 28. g5 f5 29. gxh6 1-0

[Event "MCR_KT13"]
[Site "?"]
[Date "2005.??.??"]
[Round "?"]
[White "Janovec, Vladimir"]
[Black "Vins, Karel"]
[Result "1-0"]
[WhiteElo "1870"]
[BlackElo "1621"]
[PlyCount "43"]
[EventDate "2005.??.??"]
[EventType "corr"]
[EventRounds "2"]
[SourceDate "2006.01.09"]

1. e4 e5 2. Nf3 Nc6 3. Bb5 Bc5 4. Bxc6 dxc6 5. Nxe5 Qe7 6. d4 Bb6 7. O-O Be6 8.
c3 O-O-O 9. a4 h6 10. a5 Bxd4 11. cxd4 Nf6 12. a6 Qb4 13. Nc3 Qxd4 14. Qxd4
Rxd4 15. Be3 Rb4 16. axb7+ Rxb7 17. f3 Nd7 18. Nxc6 Nb6 19. Nxa7+ Kd8 20. Nc6+
Kd7 21. Na5 Rbb8 22. Rfd1+ 1-0

[Event "MCR_KT13"]
[Site "?"]
[Date "2005.??.??"]
[Round "?"]
[White "Vacek, Frantisek"]
[Black "Mikolas, Jan"]
[Result "1/2-1/2"]
[WhiteElo "1800"]
[BlackElo "2025"]
[PlyCount "38"]
[EventDate "2005.??.??"]
[EventType "corr"]
[EventRounds "2"]
[SourceDate "2006.01.09"]

1. e4 e5 2. Nf3 Nc6 3. Bc4 Nf6 4. d4 exd4 5. e5 d5 6. Bb5 Ne4 7. Nxd4 Bd7 8.
Bxc6 bxc6 9. O-O Be7 10. c4 O-O 11. Qc2 Qe8 12. Bf4 Rb8 13. Rd1 Bg5 14. Bxg5
Nxg5 15. cxd5 cxd5 16. Qxc7 f6 17. exf6 Rxf6 18. Nd2 Rxb2 19. h4 Ne6 1/2-1/2

[Event "MCR_KT13"]
[Site "?"]
[Date "2005.??.??"]
[Round "?"]
[White "Ptacek, Jiri"]
[Black "Latal, Frantisek"]
[Result "0-1"]
[WhiteElo "1699"]
[BlackElo "2071"]
[PlyCount "96"]
[EventDate "2005.??.??"]
[EventType "corr"]
[EventRounds "2"]
[SourceDate "2006.01.09"]

1. Nf3 c5 2. e4 Nc6 3. d4 cxd4 4. Nxd4 e5 5. Nxc6 bxc6 6. Qf3 Nf6 7. a3 Rb8 8.
b4 a5 9. bxa5 Qxa5+ 10. Qc3 Qc5 11. Qxc5 Bxc5 12. Bd3 O-O 13. O-O d6 14. Nd2
Be6 15. h3 h6 16. Re1 Bd4 17. Rb1 Rxb1 18. Nxb1 Rb8 19. Bd2 Ra8 20. c4 Nd7 21.
Be3 Bxe3 22. Rxe3 Ra4 23. Re2 Bxc4 24. Bc2 Rxa3 25. Rd2 Ra2 26. Rxd6 Rxc2 27.
Rxc6 Bd3 28. Rxc2 Bxc2 29. Nd2 Kh7 30. f3 Nc5 31. Nc4 f6 32. Ne3 Bb3 33. Kh2 h5
34. g3 Be6 35. Kg2 h4 36. gxh4 Nd3 37. Kg3 Nf4 38. Ng4 Kg6 39. Kh2 Kh5 40. Kg3
Bd7 41. Nf2 Ne2+ 42. Kg2 Kxh4 43. Kf1 Nf4 44. Kg1 Nxh3+ 45. Nxh3 Kxh3 46. Kf2
Bb5 47. f4 exf4 48. Kf3 g5 0-1

[Event "MCR_KT13"]
[Site "?"]
[Date "2005.??.??"]
[Round "?"]
[White "Vins, Karel"]
[Black "Latal, Frantisek"]
[Result "0-1"]
[WhiteElo "1621"]
[BlackElo "2071"]
[PlyCount "52"]
[EventDate "2005.??.??"]
[EventType "corr"]
[EventRounds "2"]
[SourceDate "2006.01.09"]

1. d4 d5 2. c4 e5 3. cxd5 Bb4+ 4. Nc3 Qxd5 5. dxe5 Bxc3+ 6. bxc3 Qxe5 7. Qd2
Nf6 8. Nf3 Qa5 9. Qe3+ Be6 10. Bd2 Qb6 11. Qxb6 axb6 12. a3 O-O 13. Rc1 Rxa3
14. e3 Ra2 15. Bd3 Rd8 16. Ke2 Ng4 17. Be4 Bc4+ 18. Ke1 Nc6 19. h3 Nge5 20.
Nxe5 Nxe5 21. Rc2 Ra7 22. f4 Bb3 23. fxe5 Bxc2 24. Bxc2 Ra2 25. Bb3 Rb2 26. Rf1
Rxb3 0-1

[Event "MCR_KT13"]
[Site "?"]
[Date "2005.??.??"]
[Round "?"]
[White "Ptacek, Jiri"]
[Black "Mikolas, Jan"]
[Result "0-1"]
[WhiteElo "1699"]
[BlackElo "2025"]
[PlyCount "102"]
[EventDate "2005.??.??"]
[EventType "corr"]
[EventRounds "2"]
[SourceDate "2006.01.09"]

1. Nf3 d5 2. d4 Nf6 3. Bf4 e6 4. e3 c5 5. Bxb8 Rxb8 6. Bb5+ Bd7 7. Bxd7+ Qxd7
8. O-O Bd6 9. dxc5 Bxc5 10. Nc3 O-O 11. Ne2 Rbc8 12. c3 Rfe8 13. Ng3 b6 14. Qc2
Qc7 15. Rfd1 Bd6 16. Rac1 Red8 17. Nd4 Bxg3 18. fxg3 e5 19. Nf3 Ng4 20. Qe2 f5
21. Ng5 Qc6 22. Nh3 Qc4 23. Qxc4 dxc4 24. Re1 Rd2 25. e4 Rxb2 26. exf5 Rd8 27.
Red1 Rxd1+ 28. Rxd1 Rxg2+ 29. Kxg2 Ne3+ 30. Kf3 Nxd1 31. Ke4 Nxc3+ 32. Kxe5
Nxa2 33. Kd4 c3 34. Kd3 a5 35. Kc2 a4 36. Nf2 b5 37. Ne4 b4 38. Nc5 b3+ 39.
Nxb3 axb3+ 40. Kxb3 Nc1+ 41. Kxc3 Kf7 42. Kd2 Kf6 43. Kxc1 Kxf5 44. Kd2 Kg4 45.
Ke3 Kh3 46. Kf4 Kxh2 47. Kg4 h6 48. Kh4 g5+ 49. Kg4 Kg2 50. Kh5 Kxg3 51. Kxh6
Kh4 0-1

[Event "MCR_KT13"]
[Site "?"]
[Date "2005.??.??"]
[Round "?"]
[White "Vacek, Frantisek"]
[Black "Janovec, Vladimir"]
[Result "1/2-1/2"]
[WhiteElo "1800"]
[BlackElo "1870"]
[PlyCount "47"]
[EventDate "2005.??.??"]
[EventType "corr"]
[EventRounds "2"]
[SourceDate "2006.01.09"]

1. d4 Nf6 2. c4 e6 3. Nf3 b6 4. e3 Bb7 5. Bd3 Be7 6. Nc3 O-O 7. e4 d5 8. cxd5
exd5 9. e5 Nfd7 10. O-O c5 11. Bf5 cxd4 12. Qxd4 g6 13. Qg4 d4 14. Nb5 h5 15.
Qg3 Bxf3 16. Qxf3 Na6 17. Re1 Bb4 18. Bh6 Bxe1 19. Bxd7 Bb4 20. Bc6 Rb8 21. a3
Be7 22. Bxf8 Qxf8 23. Nxa7 Nc7 24. Rd1 1/2-1/2

[Event "MCR_KT13"]
[Site "?"]
[Date "2005.??.??"]
[Round "?"]
[White "Vacek, Frantisek"]
[Black "Vins, Karel"]
[Result "1-0"]
[WhiteElo "1800"]
[BlackElo "1621"]
[PlyCount "49"]
[EventDate "2005.??.??"]
[EventType "corr"]
[EventRounds "2"]
[SourceDate "2006.01.09"]

1. c4 c5 2. Nc3 Nc6 3. Nf3 Nf6 4. d4 cxd4 5. Nxd4 Nxd4 6. Qxd4 e6 7. e4 d6 8.
Be2 Bd7 9. O-O Bc6 10. Rd1 e5 11. Qd3 Qc7 12. Bg5 h6 13. Bxf6 gxf6 14. Bg4 a6
15. b4 Be7 16. b5 axb5 17. cxb5 Qa5 18. bxc6 bxc6 19. Rab1 Qc7 20. Rb3 Rb8 21.
Rxb8+ Qxb8 22. Qa6 O-O 23. Qxc6 Rd8 24. Rb1 Qc8 25. Bxc8 1-0

[Event "MCR_KT13"]
[Site "?"]
[Date "2005.??.??"]
[Round "?"]
[White "Janovec, Vladimir"]
[Black "Ptacek, Jiri"]
[Result "1-0"]
[WhiteElo "1870"]
[BlackElo "1699"]
[PlyCount "65"]
[EventDate "2005.??.??"]
[EventType "corr"]
[EventRounds "2"]
[SourceDate "2006.01.09"]

1. e4 d6 2. d4 Nf6 3. Nc3 g6 4. f4 Bg7 5. Nf3 Bg4 6. h3 Bxf3 7. Qxf3 c6 8. Bc4
b5 9. Bxb5 cxb5 10. e5 Nbd7 11. exf6 Nxf6 12. Nxb5 O-O 13. c3 a6 14. Na3 Qc7
15. O-O d5 16. f5 e6 17. fxe6 fxe6 18. Bf4 Qb6 19. Qe2 Nh5 20. Bh2 Rxf1+ 21.
Rxf1 Nf6 22. Be5 Ne4 23. Nc4 Qa7 24. Bxg7 Kxg7 25. Nd2 Nxd2 26. Qe5+ Kg8 27.
Qxe6+ Kg7 28. Qe5+ Kh6 29. Rf4 g5 30. Rf6+ Kg7 31. Rf5+ Kg8 32. Rxg5+ Kf8 33.
Qh8+ 1-0

[Event "MCR_KT13"]
[Site "?"]
[Date "2005.??.??"]
[Round "?"]
[White "Mikolas, Jan"]
[Black "Latal, Frantisek"]
[Result "0-1"]
[WhiteElo "2025"]
[BlackElo "2071"]
[PlyCount "98"]
[EventDate "2005.??.??"]
[EventType "corr"]
[EventRounds "2"]
[SourceDate "2006.01.09"]

1. e4 e5 2. Nf3 Nc6 3. Bc4 Bc5 4. c3 Nf6 5. d4 exd4 6. cxd4 Bb4+ 7. Nc3 Nxe4 8.
O-O Bxc3 9. d5 Bf6 10. Re1 Ne7 11. Rxe4 d6 12. g4 O-O 13. g5 Be5 14. Nxe5 Bf5
15. Nxf7 Rxf7 16. Re3 Ng6 17. Rg3 Qf8 18. Be3 Be4 19. Bd3 Bxd3 20. Qxd3 Re8 21.
Qb5 b6 22. Rc1 a5 23. b3 Ree7 24. Qc4 Ne5 25. Qe2 Nf3+ 26. Kg2 Qc8 27. Rc4 b5
28. Rcg4 Ne5 29. Rd4 c5 30. Re4 Qa8 31. Qd1 c4 32. bxc4 bxc4 33. Rd4 Nd3 34.
Qa4 Rc7 35. g6 hxg6 36. Rxg6 Qf8 37. Rxd3 cxd3 38. Re6 Rc8 39. Qe4 d2 40. Qd3
Rf4 41. Rg6 Qf5 42. Qxf5 Rxf5 43. Bxd2 Rc2 44. Bxa5 Rfxf2+ 45. Kg1 Rfe2 46. Kh1
Rxh2+ 47. Kg1 Kf7 48. Rxd6 Rcg2+ 49. Kf1 Rxa2 0-1

[Event "MCR_KT13"]
[Site "?"]
[Date "2005.??.??"]
[Round "?"]
[White "Vins, Karel"]
[Black "Mikolas, Jan"]
[Result "1-0"]
[WhiteElo "1621"]
[BlackElo "2025"]
[PlyCount "45"]
[EventDate "2005.??.??"]
[EventType "corr"]
[EventRounds "2"]
[SourceDate "2006.01.09"]

1. d4 Nf6 2. c4 e5 3. dxe5 Ng4 4. Nf3 Bc5 5. e3 Nc6 6. Be2 Ngxe5 7. Nxe5 Nxe5
8. O-O O-O 9. Nc3 d6 10. b3 Re8 11. Bb2 Bf5 12. Na4 b6 13. Nxc5 dxc5 14. Qxd8
Raxd8 15. Rad1 Nd3 16. Bc3 Nb4 17. Bxb4 cxb4 18. f3 c5 19. e4 Bc8 20. Kf2 Bb7
21. Rxd8 Rxd8 22. Rd1 Rd6 23. Rxd6 1-0

[Event "MCR_KT13"]
[Site "?"]
[Date "2005.??.??"]
[Round "?"]
[White "Latal, Frantisek"]
[Black "Janovec, Vladimir"]
[Result "1-0"]
[WhiteElo "2071"]
[BlackElo "1870"]
[PlyCount "85"]
[EventDate "2005.??.??"]
[EventType "corr"]
[EventRounds "2"]
[SourceDate "2006.01.09"]

1. Nf3 d5 2. c4 c6 3. d4 Nf6 4. cxd5 cxd5 5. Nc3 Nc6 6. Bf4 Bf5 7. e3 e6 8. Bb5
Bb4 9. Ne5 Qa5 10. Bxc6+ bxc6 11. O-O Rc8 12. Na4 O-O 13. Rc1 Qb5 14. Nc5 Rfe8
15. g4 Bg6 16. h4 Bxc5 17. Rxc5 Qxb2 18. h5 Bxh5 19. gxh5 Qxa2 20. Qa1 Qxa1 21.
Rxa1 Ra8 22. h6 g5 23. Rxc6 gxf4 24. Rc7 fxe3 25. fxe3 Ne4 26. Rxf7 Kh8 27. Rg7
Nd6 28. Ra6 Rg8 29. Rxd6 Rxg7+ 30. hxg7+ Kxg7 31. Rxe6 a5 32. Re7+ Kf6 33. Rxh7
a4 34. Rf7+ Kg5 35. Rf2 a3 36. Ra2 Kf5 37. Kf2 Ke4 38. Ke2 Rh8 39. Rxa3 Rh2+
40. Kd1 Rh1+ 41. Kc2 Rh2+ 42. Kb3 Rh7 43. Kb4 1-0

[Event "MCR_KT13"]
[Site "?"]
[Date "2005.??.??"]
[Round "?"]
[White "Ptacek, Jiri"]
[Black "Vacek, Frantisek"]
[Result "0-1"]
[WhiteElo "1699"]
[BlackElo "1800"]
[PlyCount "68"]
[EventDate "2005.??.??"]
[EventType "corr"]
[EventRounds "2"]
[SourceDate "2006.01.09"]

1. e4 c5 2. Nf3 Nc6 3. d4 cxd4 4. Nxd4 Nf6 5. Nxc6 dxc6 6. Qxd8+ Kxd8 7. Bd3 e5
8. Bg5 h6 9. Bxf6+ gxf6 10. O-O Rg8 11. Rd1 Bc5 12. Nc3 Bh3 13. Bf1+ Ke7 14. g3
Bg4 15. Be2 Be6 16. a3 Bd4 17. Rab1 f5 18. exf5 Bxf5 19. Bd3 Be6 20. Ne2 Bb6
21. b4 f5 22. c4 e4 23. Bc2 Bxc4 24. Bb3 Bxe2 25. Bxg8 Bxd1 26. Bc4 Rd8 27. Kf1
Bg4 28. Be2 Rd2 29. Re1 Bh3+ 30. Kg1 Rc2 31. a4 Rb2 32. b5 Kf6 33. bxc6 bxc6
34. a5 Bxa5 0-1

[Event "MCR_KT13"]
[Site "?"]
[Date "2005.??.??"]
[Round "?"]
[White "Ptacek, Jiri"]
[Black "Vins, Karel"]
[Result "1/2-1/2"]
[WhiteElo "1699"]
[BlackElo "1621"]
[PlyCount "82"]
[EventDate "2005.??.??"]
[EventType "corr"]
[EventRounds "2"]
[SourceDate "2006.01.09"]

1. Nf3 d5 2. d4 Nf6 3. Bf4 Nc6 4. e3 Bg4 5. Nbd2 h6 6. h3 Bf5 7. Bb5 Bd7 8.
Bxc6 Bxc6 9. O-O e6 10. c3 Bd6 11. Bxd6 Qxd6 12. Ne5 Nd7 13. Nxc6 Qxc6 14. Nf3
Qd6 15. Qb3 b6 16. Rfe1 f5 17. c4 c6 18. cxd5 cxd5 19. Qb5 O-O 20. Rac1 Rfc8
21. Qe2 Qf8 22. Rxc8 Rxc8 23. a3 a5 24. Qd2 Kf7 25. Rc1 g5 26. Rxc8 Qxc8 27. g3
Kf6 28. Kg2 h5 29. b4 axb4 30. Qxb4 Qf8 31. Qb3 Qd6 32. a4 g4 33. hxg4 hxg4 34.
Nh2 e5 35. f4 exd4 36. exd4 Qe6 37. Kf2 Nf8 38. Nf1 Ng6 39. Ne3 Ne7 40. Qb5 Kg6
41. a5 bxa5 1/2-1/2

[Event "MCR_KT13"]
[Site "?"]
[Date "2005.??.??"]
[Round "?"]
[White "Vacek, Frantisek"]
[Black "Latal, Frantisek"]
[Result "1/2-1/2"]
[WhiteElo "1800"]
[BlackElo "2071"]
[PlyCount "67"]
[EventDate "2005.??.??"]
[EventType "corr"]
[EventRounds "2"]
[SourceDate "2006.01.09"]

1. e4 e5 2. Nf3 Nc6 3. Bb5 a6 4. Ba4 Nf6 5. O-O b5 6. Bb3 Bb7 7. Re1 Bc5 8. c3
d6 9. d4 Bb6 10. a4 exd4 11. cxd4 O-O 12. Nc3 Na5 13. axb5 axb5 14. Bg5 Nxb3
15. Qxb3 h6 16. Bxf6 Qxf6 17. Qxb5 Qe6 18. d5 Qe8 19. Rxa8 Qxa8 20. Qd3 Re8 21.
b4 Qa3 22. Rb1 Qa7 23. Rf1 Bc8 24. Qb5 Re7 25. Qc4 Bd7 26. h3 Re8 27. Nd2 Qa8
28. Nf3 Qd8 29. Qd3 Qf6 30. Ra1 Qg6 31. Ra2 f5 32. Re2 fxe4 33. Nxe4 Ra8 34.
Kh2 1/2-1/2

[Event "MCR_KT13"]
[Site "?"]
[Date "2005.??.??"]
[Round "?"]
[White "Janovec, Vladimir"]
[Black "Mikolas, Jan"]
[Result "0-1"]
[WhiteElo "1870"]
[BlackElo "2025"]
[PlyCount "102"]
[EventDate "2005.??.??"]
[EventType "corr"]
[EventRounds "2"]
[SourceDate "2006.01.09"]

1. e4 e5 2. Nf3 Nf6 3. Nxe5 d6 4. Nf3 Nxe4 5. d4 d5 6. Bd3 Bd6 7. O-O Bg4 8.
Re1 f5 9. c4 O-O 10. c5 Bxf3 11. Qxf3 Be7 12. Na3 Nc6 13. Nc2 Bf6 14. Be3 g6
15. a4 b6 16. cxb6 axb6 17. b4 f4 18. Bxe4 dxe4 19. Qxf4 Bxd4 20. Qxe4 Bxa1 21.
Rxa1 Qf6 22. b5 Ne5 23. Rd1 Rae8 24. Qd5+ Qf7 25. Bh6 Qxd5 26. Rxd5 Rf6 27. h3
Nf7 28. Be3 Rd6 29. Rd4 Rxd4 30. Nxd4 Nd6 31. Kf1 Nc4 32. Bf4 Re4 33. Ne2 Nd6
34. Bxd6 cxd6 35. Nc3 Rb4 36. Ke2 Kf7 37. g3 Ke6 38. Kd2 d5 39. Kd3 d4 40. Ne4
h6 41. Kc2 Ke5 42. Kd3 Rxa4 43. f4+ Kd5 44. Nf6+ Kc5 45. Nd7+ Kxb5 46. g4 Kc6
47. Nf8 Kd5 48. h4 Ra3+ 49. Kd2 Ke4 50. Nxg6 Ra2+ 51. Kd1 d3 0-1

[Event "MCR_KT13"]
[Site "?"]
[Date "2005.??.??"]
[Round "?"]
[White "Vins, Karel"]
[Black "Janovec, Vladimir"]
[Result "0-1"]
[WhiteElo "1621"]
[BlackElo "1870"]
[PlyCount "40"]
[EventDate "2005.??.??"]
[EventType "corr"]
[EventRounds "2"]
[SourceDate "2006.01.09"]

1. d4 d5 2. c4 e6 3. Nc3 c5 4. cxd5 exd5 5. dxc5 d4 6. Ne4 Qd5 7. f3 Bxc5 8.
Nxc5 Qxc5 9. Qb3 Be6 10. Qxb7 Bd5 11. Qxa8 Bxa8 12. Bd2 Qc2 13. b3 Ne7 14. Nh3
Qb2 15. Rc1 Nbc6 16. Nf4 O-O 17. Nd3 Qxa2 18. b4 Nd5 19. h4 Ne3 20. Bxe3 dxe3
0-1

[Event "MCR_KT13"]
[Site "?"]
[Date "2005.??.??"]
[Round "?"]
[White "Mikolas, Jan"]
[Black "Vacek, Frantisek"]
[Result "1/2-1/2"]
[WhiteElo "2025"]
[BlackElo "1800"]
[PlyCount "37"]
[EventDate "2005.??.??"]
[EventType "corr"]
[EventRounds "2"]
[SourceDate "2006.01.09"]

1. e4 e5 2. Nf3 Nf6 3. d4 Nxe4 4. Bd3 d5 5. Nxe5 Nd7 6. Nxd7 Bxd7 7. O-O Qh4 8.
Nc3 Nxc3 9. bxc3 O-O-O 10. Re1 Bg4 11. Be2 h5 12. g3 Bxe2 13. Qxe2 Qg4 14. Qb5
a6 15. Qd3 Bd6 16. Kg2 h4 17. h3 Qd7 18. g4 Rdf8 19. c4 1/2-1/2